Central Library OPAC University of Rajshahi

Point counter point : (Record no. 83590)

MARC details
000 -LEADER
fixed length control field 00556nam a2200205 a 4500
001 - CONTROL NUMBER
control field 83590
003 - CONTROL NUMBER IDENTIFIER
rucl marc code BD-RjUL
005 - DATE AND TIME OF LATEST TRANSACTION
control field 20240606102350.0
008 - FIXED-LENGTH DATA ELEMENTS--GENERAL INFORMATION
fixed length control field 240425r19631928enk 000 0 eng d
035 ## - SYSTEM CONTROL NUMBER
System control number (BD-RjUL)83590
040 ## - CATALOGING SOURCE
Original cataloging agency HUJI
Language of cataloging eng
Transcribing agency BD-RjUL
041 0# - LANGUAGE CODE
Language code of text/sound track or separate title eng
082 ## - DEWEY DECIMAL CLASSIFICATION NUMBER
Edition number 23
Classification number 823
Author mark and year HUP 1954
100 1# - MAIN ENTRY--PERSONAL NAME
Personal name Huxley, Aldous,
Dates associated with a name 1894-1963
9 (RLIN) 10982
245 10 - TITLE STATEMENT
Title Point counter point :
Remainder of title a novel.
260 ## - PUBLICATION, DISTRIBUTION, ETC. (IMPRINT)
Place of publication, distribution, etc. London :
Name of publisher, distributor, etc. Chatto and Windus,
Date of publication, distribution, etc. 1928 [reprinted 1954,1963]
300 ## - PHYSICAL DESCRIPTION
Pagination 601 pages.
Size 18cm.
650 ## - SUBJECT ADDED ENTRY--TOPICAL TERM
Topical term or geographic name as entry element English fiction
942 ## - ADDED ENTRY ELEMENTS (KOHA)
Source of classification or shelving scheme Dewey Decimal Classification
Koha item type Books
Holdings
Lost status Source of classification or shelving scheme Damaged status Not for loan Permanent Location Current Location Shelving location Date acquired Total Checkouts Full call number Date last seen Copy number Koha item type Collection code
  Dewey Decimal Classification     Central Library, University of Rajshahi Central Library, University of Rajshahi Reading Room 25/04/2024   823 HUP 1954 25/04/2024 C-1 Books  
  Dewey Decimal Classification     Central Library, University of Rajshahi Central Library, University of Rajshahi General Stacks 06/06/2024   823 HUP 1954 06/06/2024 C-2 Books Fiction